[Event "Barcelona op 2nd"]
[Site "Barcelona"]
[Date "2019.11.14"]
[Round "8.5"]
[White "Valdes Azon, Gerard"]
[Black "Tortosa Moros, Joan"]
[Result "1-0"]
[WhiteElo "1623"]
[BlackElo "1647"]
[PlyCount "65"]
[EventDate "2019.09.26"]
[EventType "swiss"]
[EventRounds "9"]
[EventCountry "ESP"]
[SourceTitle "EXT 2024"]
[Source "ChessBase"]
[SourceDate "2023.10.10"]
[SourceVersion "1"]
[SourceVersionDate "2023.10.10"]
[SourceQuality "1"]

1. e4 c5 2. Nc3 Nc6 3. Bb5 Nd4 4. Nf3 Nxb5 5. Nxb5 a6 6. Nc3 g6 7. d3 Bg7 8. Bf4 d6 9. Qd2 Bg4 10. Qe2 Qa5 11. Bd2 Qb6 12. h3 Bxf3 13. Qxf3 Qxb2 14. Rb1 Qxc2 15. Rc1 Qb2 16. e5 Bh6 17. Bxh6 Nxh6 18. Qf4 Nf5 19. 0-0 0-0 20. exd6 Nxd6 21. Nd5 Nc8 22. Rxc5 Kh8 23. d4 Qe2 24. Nc7 Ra7 25. Re5 Qxa2 26. Ne6 Rg8 27. Qxf7 b5 28. Qf4 Nd6 29. d5 Qc4 30. Qd2 b4 31. Rc1 Qh4 32. Rg5 Ne4 33. Qd4+ 1-0

[Event "Barcelona op 2nd"]
[Site "Barcelona"]
[Date "2019.10.10"]
[Round "3.3"]
[White "Valdes Azon, Gerard"]
[Black "Ferre Campos, Josep"]
[Result "0-1"]
[WhiteElo "1623"]
[BlackElo "1909"]
[PlyCount "77"]
[EventDate "2019.09.26"]
[EventType "swiss"]
[EventRounds "9"]
[EventCountry "ESP"]
[SourceTitle "EXT 2024"]
[Source "ChessBase"]
[SourceDate "2023.10.10"]
[SourceVersion "1"]
[SourceVersionDate "2023.10.10"]
[SourceQuality "1"]

1. e4 c5 2. Nc3 a6 3. g3 Nc6 4. Bg2 g6 5. Nge2 Bg7 6. 0-0 h5 7. h4 Nh6 8. d3 d6 9. Nd5 Bg4 10. Ne3 Bd7 11. Nf4 b5 12. c3 Ng4 13. Nh3 Nxe3 14. Bxe3 e5 15. f4 Bg4 16. Qd2 Qd7 17. Kh2 Bh6 18. f5 Bxe3 19. Qxe3 gxf5 20. exf5 Bxh3 21. Bxh3 f6 22. Bg2 Rc8 23. Bd5 Nd8 24. Rac1 Rc7 25. d4 Nf7 26. Be6 Qc6 27. dxc5 dxc5 28. Rcd1 Nh6 29. Qd3 Ng4+ 30. Kg1 Ke7 31. Bd5 c4 32. Qd2 Qb6+ 33. Kh1 Rd8 34. Rfe1 Rcd7 35. Rxe5+ Nxe5 36. Qh6 Rxd5 37. Qg7+ Nf7 38. Re1+ Re5 39. Rxe5+ 0-1

[Event "Barcelona op 2nd"]
[Site "Barcelona"]
[Date "2019.09.26"]
[Round "1.4"]
[White "Valdes Azon, Gerard"]
[Black "Vives Cabau, Jordi"]
[Result "0-1"]
[WhiteElo "1623"]
[BlackElo "1870"]
[PlyCount "52"]
[EventDate "2019.09.26"]
[EventType "swiss"]
[EventRounds "9"]
[EventCountry "ESP"]
[SourceTitle "EXT 2024"]
[Source "ChessBase"]
[SourceDate "2023.10.10"]
[SourceVersion "1"]
[SourceVersionDate "2023.10.10"]
[SourceQuality "1"]

1. e4 e5 2. Nf3 Nc6 3. Bc4 Nf6 4. 0-0 Nxe4 5. Re1 d5 6. d3 dxc4 7. Rxe4 cxd3 8. Nxe5 Nxe5 9. Rxe5+ Be6 10. cxd3 Be7 11. Nc3 0-0 12. Qf3 c6 13. Bf4 Bf6 14. Re2 Bxc3 15. bxc3 Qd7 16. Qg3 Bf5 17. Bh6 Bg6 18. Bf4 Qxd3 19. Re3 Qd7 20. h4 Rfe8 21. Rae1 Rxe3 22. Rxe3 Re8 23. Rxe8+ Qxe8 24. Qf3 h5 25. g4 Qe1+ 26. Kh2 Be4 0-1

[Event "Foment Martinenc op-B 21st"]
[Site "Barcelona"]
[Date "2019.06.01"]
[Round "6"]
[White "Petit Vidal, Enric"]
[Black "Valdes Azon, Gerard"]
[Result "0-1"]
[WhiteElo "1264"]
[BlackElo "1577"]
[PlyCount "114"]
[EventDate "2019.04.27"]
[EventType "swiss"]
[EventRounds "9"]
[EventCountry "ESP"]
[SourceTitle "EXT 2020"]
[Source "ChessBase"]
[SourceDate "2019.10.17"]
[SourceVersion "1"]
[SourceVersionDate "2019.10.17"]
[SourceQuality "1"]

1. d4 Nf6 2. Nf3 g6 3. e3 Bg7 4. c4 0-0 5. Nc3 d5 6. Bd3 Na6 7. a3 c5 8. Qb3 e6 9. 0-0 b6 10. Ne5 Bb7 11. Qa4 cxd4 12. exd4 dxc4 13. Bxc4 Nc7 14. Be3 Nfd5 15. Rac1 a6 16. Nxd5 Nxd5 17. Bxd5 Qxd5 18. f3 b5 19. Qa5 Bxe5 20. dxe5 Qxe5 21. Qc3 Qxc3 22. Rxc3 Rac8 23. Rfc1 Rxc3 24. Rxc3 Rc8 25. Rxc8+ Bxc8 26. Kf2 Kg7 27. b4 Kf6 28. Bc5 Ke5 29. Ke3 Bb7 30. f4+ Kd5 31. g3 Kc4 32. Bb6 Kb3 33. Kd4 Kxa3 34. Ba5 f6 35. h4 Kb3 36. g4 h5 37. g5 fxg5 38. fxg5 Kc2 39. Ke5 Bd5 40. Kf6 Be4 41. Kxe6 Kd3 42. Bb6 Ke2 43. Ke5 Kf3 44. Bd8 Bd3 45. Bb6 Kg4 46. Bd8 Kxh4 47. Kf4 Kh3 48. Kf3 Bf5 49. Bb6 Bc8 50. Bd8 Bb7+ 51. Kf4 Kg2 52. Ke5 h4 53. Kf6 Be4 54. Bc7 h3 55. Ke6 h2 56. Bxh2 Kxh2 57. Ke5 Bf5 0-1

[Event "Foment Martinenc op-C 20th"]
[Site "Barcelona"]
[Date "2018.06.09"]
[Round "8"]
[White "Montero Olmos, Javier"]
[Black "Valdes Azon, Gerard"]
[Result "0-1"]
[WhiteElo "1633"]
[BlackElo "1744"]
[PlyCount "84"]
[EventDate "2018.04.21"]
[EventType "swiss"]
[EventRounds "9"]
[EventCountry "ESP"]
[SourceTitle "CBM 184 Extra"]
[Source "ChessBase"]
[SourceDate "2018.06.28"]
[SourceVersion "1"]
[SourceVersionDate "2018.06.28"]
[SourceQuality "1"]

1. e4 c5 2. c3 e6 3. d4 d5 4. e5 Nc6 5. Nf3 h6 6. Bb5 a6 7. Bd3 cxd4 8. cxd4 Nge7 9. Nc3 Bd7 10. Na4 Nc8 11. Qc2 Nb4 12. Qb3 Nxd3+ 13. Ke2 Bb5 14. Ke3 Ne7 15. Nc3 Nf5+ 16. Kd2 Bb4 17. Kc2 Rc8 18. Rd1 Bc4 19. Qa4+ Bb5 20. Qb3 Nxc1 21. Qxb4 Rc4 22. Qa3 Ne2 23. Rd3 Nfxd4+ 24. Nxd4 Rxd4 25. Nxb5 axb5 26. Re1 Rxd3 27. Qxd3 Qc7+ 28. Kd2 Nf4 29. Qxb5+ Qc6 30. Qa5 0-0 31. g3 Ng6 32. Qb4 Rc8 33. Qb3 Qc5 34. Re3 d4 35. Re1 Nxe5 36. Ke2 d3+ 37. Kf1 d2 38. Rd1 Qc6 39. Rxd2 Qh1+ 40. Ke2 Rc1 41. Rd8+ Kh7 42. Kd2 Qe1# 0-1

[Event "Foment Martinenc op-C 20th"]
[Site "Barcelona"]
[Date "2018.04.28"]
[Round "2"]
[White "Izquierdo Catalan, Carlos"]
[Black "Valdes Azon, Gerard"]
[Result "1-0"]
[WhiteElo "1687"]
[BlackElo "1744"]
[PlyCount "109"]
[EventDate "2018.04.21"]
[EventType "swiss"]
[EventRounds "9"]
[EventCountry "ESP"]
[SourceTitle "CBM 184 Extra"]
[Source "ChessBase"]
[SourceDate "2018.06.28"]
[SourceVersion "1"]
[SourceVersionDate "2018.06.28"]
[SourceQuality "1"]

1. c4 Nf6 2. d4 g6 3. Nc3 Bg7 4. g3 0-0 5. Bg2 c6 6. Nf3 d5 7. b3 Bf5 8. 0-0 Ne4 9. Bb2 Na6 10. Nh4 Nxc3 11. Bxc3 Bc8 12. Re1 Nc7 13. Rc1 Re8 14. e4 dxe4 15. Rxe4 Ne6 16. Qd2 f5 17. Re2 Nxd4 18. Bxd4 Qxd4 19. Rd1 Qxd2 20. Rexd2 Be6 21. Nf3 h6 22. Nd4 Bf7 23. Nxc6 bxc6 24. Bxc6 Rec8 25. Bxa8 Rxa8 26. Rd8+ Rxd8 27. Rxd8+ Kh7 28. Rd7 Bf6 29. Rxa7 h5 30. c5 h4 31. c6 g5 32. b4 f4 33. gxf4 gxf4 34. b5 Kg7 35. b6 Bd4 36. Ra6 Bd5 37. b7 Be5 38. Ra5 e6 39. Rb5 Bxc6 40. b8Q Bxb8 41. Rxb8 Kf6 42. Rb6 Bd5 43. a4 Ke7 44. a5 Kd7 45. Rb4 f3 46. a6 Kc6 47. a7 Kc5 48. Rb2 e5 49. Rb8 Kd4 50. a8Q Bxa8 51. Rxa8 Kd3 52. Kf1 Kd4 53. Ke1 Kd3 54. Kd1 Kd4 55. Kd2 1-0

[Event "Foment Martinenc op-C 19st"]
[Site "Barcelona"]
[Date "2017.05.27"]
[Round "6.12"]
[White "Valdes Azon, Gerard"]
[Black "Pons Garcia, Jordi"]
[Result "1/2-1/2"]
[WhiteElo "1708"]
[BlackElo "1806"]
[PlyCount "71"]
[EventDate "2017.04.22"]
[EventType "swiss"]
[EventRounds "9"]
[EventCountry "ESP"]
[SourceTitle "EXT 2024"]
[Source "ChessBase"]
[SourceDate "2023.10.10"]
[SourceVersion "1"]
[SourceVersionDate "2023.10.10"]
[SourceQuality "1"]

1. e4 g6 2. Nf3 Bg7 3. Bc4 e6 4. d4 d6 5. Be3 Ne7 6. Nc3 a6 7. a3 b5 8. Ba2 Bb7 9. Qd2 h6 10. Qd3 Nd7 11. Ne2 d5 12. e5 Nf5 13. Bd2 c5 14. c3 cxd4 15. cxd4 Rc8 16. Ng3 Nb6 17. Nxf5 gxf5 18. Ba5 Rc6 19. 0-0 Qd7 20. Bxb6 Rxb6 21. Nd2 Rc6 22. Nb3 Bf8 23. Rac1 Be7 24. Rxc6 Qxc6 25. Rc1 Qd7 26. Nc5 Bxc5 27. Rxc5 0-0 28. Qh3 Kh7 29. Bb1 Rc8 30. b4 Rxc5 31. bxc5 Bc6 32. g4 Qe7 33. gxf5 Qg5+ 34. Qg2 Qc1+ 35. Qf1 Qg5+ 36. Qg2 1/2-1/2

[Event "Foment Martinenc op-C 19st"]
[Site "Barcelona"]
[Date "2017.05.20"]
[Round "5.27"]
[White "Murciano Criado, Victor"]
[Black "Valdes Azon, Gerard"]
[Result "0-1"]
[WhiteElo "1368"]
[BlackElo "1708"]
[PlyCount "52"]
[EventDate "2017.04.22"]
[EventType "swiss"]
[EventRounds "9"]
[EventCountry "ESP"]
[SourceTitle "EXT 2024"]
[Source "ChessBase"]
[SourceDate "2023.10.10"]
[SourceVersion "1"]
[SourceVersionDate "2023.10.10"]
[SourceQuality "1"]

1. e4 c5 2. Nf3 d6 3. g3 Nf6 4. Nc3 g6 5. Bg2 Bg7 6. 0-0 Bg4 7. h3 Bd7 8. d3 Nc6 9. Bg5 h6 10. Bf4 Qc8 11. g4 h5 12. Ng5 hxg4 13. hxg4 Nxg4 14. Bh3 f6 15. Bg2 fxg5 16. Bxg5 Bxc3 17. bxc3 Qc7 18. Qf3 0-0-0 19. Bh3 Nce5 20. Qg3 Rdf8 21. Bf4 Rh7 22. d4 Rfh8 23. Bg2 cxd4 24. cxd4 Nc4 25. Bf3 Rh3 26. Qg2 Rh1+ 0-1

[Event "Foment Martinenc op-C 19st"]
[Site "Barcelona"]
[Date "2017.04.29"]
[Round "2.9"]
[White "Lopez Agea, Diego Gines"]
[Black "Valdes Azon, Gerard"]
[Result "0-1"]
[WhiteElo "1780"]
[BlackElo "1708"]
[PlyCount "108"]
[EventDate "2017.04.22"]
[EventType "swiss"]
[EventRounds "9"]
[EventCountry "ESP"]
[SourceTitle "EXT 2024"]
[Source "ChessBase"]
[SourceDate "2023.10.10"]
[SourceVersion "1"]
[SourceVersionDate "2023.10.10"]
[SourceQuality "1"]

1. d4 Nf6 2. Nf3 g6 3. Bf4 Bg7 4. e3 0-0 5. Be2 d6 6. h3 b6 7. c4 c5 8. 0-0 Nbd7 9. Nc3 Re8 10. a3 Bb7 11. Bh2 Ne4 12. Nxe4 Bxe4 13. Ng5 Bb7 14. Bf3 Bxf3 15. Qxf3 Nf6 16. Rfd1 h6 17. Ne4 Nxe4 18. Qxe4 Qc8 19. Rac1 cxd4 20. exd4 Qa6 21. Qd3 Rac8 22. b4 Qb7 23. c5 dxc5 24. bxc5 Rcd8 25. Qb5 Rxd4 26. Rxd4 Bxd4 27. c6 Qa8 28. Rc2 Bc5 29. Rxc5 bxc5 30. Qb7 Rd8 31. Kf1 Rd1+ 32. Ke2 Qd8 33. Qb8 Qxb8 34. Bxb8 Rd8 35. c7 Rc8 36. Kd3 Kf8 37. Kc4 Ke8 38. Kxc5 Kd7 39. Kb5 e5 40. Kc5 f6 41. a4 g5 42. Kd5 h5 43. f3 Re8 44. Kc5 e4 45. fxe4 Rxe4 46. Kb5 g4 47. Bxa7 Kxc7 48. Bb6+ Kb7 49. a5 Re5+ 50. Kb4 gxh3 51. gxh3 f5 52. Bd4 Rd5 53. Be3 f4 54. Kc4 fxe3 0-1